| 000 | 00419 a2200157 4500 | ||
|---|---|---|---|
| 005 | 20250530091743.0 | ||
| 020 | _a978-1-4080-6622-5 | ||
| 082 | _a657.42 LUC | ||
| 100 | _aLUCEY, T. | ||
| 245 | _aCosting | ||
| 250 | _a7th Ed. | ||
| 260 |
_aAustralia, _bSouth- Western, _c2009. |
||
| 300 |
_axiii,578p.:Ill.;figures & table _bIndex _c25cm. |
||
| 856 |
_yAccess Online Book _fCosting _dwww.cengage.co.uk |
||
| 942 |
_2ddc _cBKS |
||
| 999 |
_c2873 _d2873 |
||